[Event "Krajsky prebor jednotlivcu KHSS"]
[Site "Janske Lazne"]
[Date "2015.05.07"]
[Round "5.27"]
[White "Bulockin, Martin"]
[Black "Jina, Lubos"]
[Result "1-0"]
[WhiteElo "1789"]
[BlackElo "1772"]
[PlyCount "105"]
[EventDate "2015.05.05"]

1. d4 Nf6 2. Nf3 d5 3. Bg5 e6 4. e3 Be7 5. Bd3 Nbd7 6. O-O c5 7. c3 h6 8. Bh4
Nh5 9. Bxe7 Qxe7 10. Nbd2 Nhf6 11. e4 cxd4 12. Nxd4 Nc5 13. Bb5+ Bd7 14. exd5
Bxb5 15. Nxb5 Nxd5 16. c4 Nc7 17. Nxc7+ Qxc7 18. b4 Nd7 19. Qb3 O-O 20. Rac1 b6
21. Ne4 Rfd8 22. c5 bxc5 23. Nxc5 Nxc5 24. Rxc5 Qb7 25. Rfc1 Rdc8 26. Qc3 Rxc5
27. Qxc5 Rb8 28. a3 Qa6 29. Qc3 Qb5 30. Qc7 Qb7 31. Qxb7 Rxb7 32. Rc8+ Kh7 33.
Rc5 Kg6 34. Kf1 Kf6 35. Ke2 Ke7 36. Kd3 Kd6 37. Kc4 Rb6 38. a4 Rb7 39. b5 Rb6
40. Kb4 Rb7 41. Rc2 a6 42. Rc6+ Kd5 43. Rxa6 e5 44. Rc6 e4 45. a5 f5 46. Rc5+
Ke6 47. a6 Ra7 48. Ka5 f4 49. b6 Rf7 50. b7 e3 51. fxe3 fxe3 52. b8=Q e2 53.
Qe5+ 1-0

[Event "Krajsky prebor jednotlivcu KHSS"]
[Site "Janske Lazne"]
[Date "2015.05.08"]
[Round "6.1"]
[White "Moravec, Vit"]
[Black "Vojta, Tomas"]
[Result "0-1"]
[WhiteElo "2222"]
[BlackElo "2369"]
[PlyCount "108"]
[EventDate "2015.05.05"]
[WhiteClock "0:05:11"]
[BlackClock "0:13:05"]

1. e4 d5 2. exd5 Qxd5 3. Nc3 Qd6 4. d4 Nf6 5. Nf3 a6 6. g3 Bg4 7. Bg2 Nc6 8.
O-O e6 9. Bf4 Qb4 10. a3 Qc4 11. h3 Bxf3 12. Qxf3 Qxd4 13. Rad1 Qb6 14. Be3
Qxb2 15. Qxc6+ bxc6 16. Bxc6+ Nd7 17. Bxd7+ Kd8 18. Ne4 Bd6 19. Nxd6 cxd6 20.
Rxd6 Qxa3 21. Rfd1 Ke7 22. R6d3 Qa5 23. Bc1 Rhd8 24. Ba3+ Kf6 25. Bb2+ Kg6 26.
Rd4 h5 27. g4 Ra7 28. Bxe6 fxe6 29. Rxd8 hxg4 30. hxg4 Qa4 31. Bd4 Rd7 32. Rxd7
Qxd7 33. Rd3 Qc6 34. Bc3 Qb5 35. Kg2 a5 36. Bxa5 Qxa5 37. c3 Kg5 38. Rg3 e5 39.
Kh2 e4 40. Kg2 Qa1 41. Re3 Kf4 42. g5 g6 43. Rg3 Qb1 44. Re3 Kxg5 45. Rg3+ Kf5
46. Re3 Qd1 47. Rg3 g5 48. Re3 Kf4 49. c4 Qc2 50. Ra3 Qxc4 51. Re3 Qd3 52. Rxd3
exd3 53. Kf1 Kf3 54. Ke1 d2+ 0-1

[Event "Krajsky prebor jednotlivcu KHSS"]
[Site "Janske Lazne"]
[Date "2015.05.08"]
[Round "6.2"]
[White "Kozusek, Daniel"]
[Black "Cap, Adam"]
[Result "1/2-1/2"]
[WhiteElo "2337"]
[BlackElo "2195"]
[PlyCount "73"]
[EventDate "2015.05.05"]
[WhiteClock "0:31:16"]
[BlackClock "0:10:11"]

1. g3 c5 2. c4 Nc6 3. Bg2 g6 4. e3 Bg7 5. Ne2 Nf6 6. Nbc3 d6 7. d4 O-O 8. O-O
Qa5 9. b3 Bg4 10. d5 Nxd5 11. cxd5 Bxc3 12. dxc6 Bxe2 13. Qxe2 Bxa1 14. cxb7
Rab8 15. a4 Bc3 16. Bc6 Qb6 17. Qb5 Rfd8 18. e4 Ba5 19. Be3 Qxb5 20. axb5 f6
21. Rc1 Bb6 22. Kf1 Kf7 23. Ke2 e6 24. Kd3 Ke7 25. Kc4 Rd7 26. b4 cxb4 27. Bxb6
axb6 28. Bxd7 Kxd7 29. Kxb4 Rxb7 30. Rc6 f5 31. f3 fxe4 32. fxe4 Rb8 33. Kb3 h5
34. h4 Rb7 35. Kb4 e5 36. Kb3 Rb8 37. Kb4 1/2-1/2

[Event "Krajsky prebor jednotlivcu KHSS"]
[Site "Janske Lazne"]
[Date "2015.05.08"]
[Round "6.3"]
[White "Kowalczyk, Pawel"]
[Black "Tazlar, Petr"]
[Result "1-0"]
[WhiteElo "2292"]
[BlackElo "2229"]
[PlyCount "79"]
[EventDate "2015.05.05"]
[WhiteClock "1:07:23"]
[BlackClock "0:21:50"]

1. e4 c5 2. Nf3 d6 3. d4 cxd4 4. Nxd4 Nf6 5. f3 a6 6. c4 e6 7. Nc3 Be7 8. Be3
O-O 9. Qd2 Qc7 10. Rc1 b6 11. Qf2 Nbd7 12. Be2 Bb7 13. O-O Rfd8 14. Rfd1 Rac8
15. g4 Nf8 16. b4 N6d7 17. Nb3 Bc6 18. Nd5 Bxd5 19. cxd5 Qb7 20. Nd4 Rxc1 21.
Bxc1 Nb8 22. Bc4 b5 23. Bb3 e5 24. Nf5 g6 25. Nxe7+ Qxe7 26. h4 Rc8 27. Bg5 f6
28. Be3 g5 29. Qd2 h6 30. Rc1 Qb7 31. Rc6 Kg7 32. Rxd6 Qc7 33. Rb6 Nfd7 34. Re6
Nf8 35. d6 Qc3 36. Re7+ Kh8 37. Qxc3 Rxc3 38. Kf2 Rc6 39. Re8 Nbd7 40. Be6 1-0

[Event "Krajsky prebor jednotlivcu KHSS"]
[Site "Janske Lazne"]
[Date "2015.05.08"]
[Round "6.4"]
[White "Kaderabek, Jiri"]
[Black "Karlik, Vladimir"]
[Result "1-0"]
[WhiteElo "2171"]
[BlackElo "2312"]
[PlyCount "67"]
[EventDate "2015.05.05"]
[WhiteClock "0:26:14"]
[BlackClock "0:01:57"]

1. e4 c5 2. Nf3 Nc6 3. Bb5 g6 4. O-O Bg7 5. Re1 e5 6. c3 Nge7 7. d3 O-O 8. Bg5
Qb6 9. Na3 a6 10. Bxc6 Nxc6 11. Nc4 Qc7 12. Ne3 b5 13. Nd5 Qd6 14. a4 Rb8 15.
axb5 axb5 16. Qd2 Bb7 17. b4 cxb4 18. cxb4 Rfe8 19. Rec1 Ra8 20. Rxa8 Rxa8 21.
g3 Ra4 22. Be3 Nd4 23. Nxd4 exd4 24. Bf4 Qf8 25. Nb6 Ra3 26. Nxd7 Qa8 27. Bh6
Rxd3 28. Nf6+ Bxf6 29. Qxd3 Qe8 30. f3 Bc8 31. Qxb5 Bd7 32. Qb6 Be6 33. Qc6 Qd8
34. Ra1 1-0

[Event "Krajsky prebor jednotlivcu KHSS"]
[Site "Janske Lazne"]
[Date "2015.05.08"]
[Round "6.5"]
[White "Jedlicka, Lubos"]
[Black "Framberk, Jan"]
[Result "1-0"]
[WhiteElo "2210"]
[BlackElo "2050"]
[PlyCount "81"]
[EventDate "2015.05.05"]
[WhiteClock "0:07:14"]
[BlackClock "0:01:04"]

1. c4 e5 2. g3 Nc6 3. Bg2 f5 4. Nc3 Nf6 5. d3 Bb4 6. Bd2 Bxc3 7. Bxc3 d6 8. b4
O-O 9. b5 Ne7 10. Nf3 Qe8 11. Qa4 Kh8 12. Rb1 e4 13. Nd2 exd3 14. e3 f4 15.
gxf4 Qh5 16. Qd1 Bg4 17. Bf3 Bxf3 18. Qxf3 Qxf3 19. Nxf3 Ne4 20. Bb2 Rae8 21.
Rg1 Nf5 22. Nd4 Re7 23. Nxf5 Rxf5 24. f3 Nc5 25. Kd2 Kg8 26. Bd4 g6 27. Rg5
Rxg5 28. fxg5 Rf7 29. Bxc5 dxc5 30. f4 h6 31. gxh6 Rh7 32. Rb3 Rxh6 33. Ra3
Rxh2+ 34. Kxd3 Rh7 35. Rxa7 b6 36. a4 Re7 37. a5 Rd7+ 38. Kc3 Re7 39. axb6
Rxe3+ 40. Kd2 cxb6 41. Kxe3 1-0

[Event "Krajsky prebor jednotlivcu KHSS"]
[Site "Janske Lazne"]
[Date "2015.05.08"]
[Round "6.6"]
[White "Juricek, Stanislav"]
[Black "Valenta, Vit"]
[Result "1/2-1/2"]
[WhiteElo "2097"]
[BlackElo "2167"]
[PlyCount "83"]
[EventDate "2015.05.05"]
[WhiteClock "0:04:26"]
[BlackClock "0:07:20"]

1. e4 e5 2. Nf3 Nc6 3. Bc4 Be7 4. d4 d6 5. dxe5 dxe5 6. Qxd8+ Bxd8 7. Nc3 Nf6
8. Bg5 Nd4 9. Nxd4 exd4 10. Nb5 Nxe4 11. Bxd8 Kxd8 12. Nxd4 Nd6 13. Bd3 Bd7 14.
O-O-O Re8 15. Nf5 Bxf5 16. Bxf5 h6 17. Bd3 Ke7 18. Rhe1+ Kf6 19. Kd2 Rad8 20.
Rxe8 Rxe8 21. Re1 Rxe1 22. Kxe1 Ke5 23. Ke2 c5 24. c3 a5 25. Ke3 b5 26. a3 Kd5
27. Kd2 g5 28. g4 a4 29. f3 f6 30. Ke3 Ke5 31. Be2 f5 32. Bd3 fxg4 33. fxg4 Kd5
34. Kd2 c4 35. Bg6 Ne4+ 36. Ke3 Nf6 37. h3 Kc5 38. Bf7 Kd6 39. Kd4 Ke7 40. Bd5
Kd6 41. Bf7 Ke7 42. Bd5 1/2-1/2

[Event "Krajsky prebor jednotlivcu KHSS"]
[Site "Janske Lazne"]
[Date "2015.05.08"]
[Round "6.7"]
[White "Malinovsky, Petr"]
[Black "Soural, Jan"]
[Result "1/2-1/2"]
[WhiteElo "1969"]
[BlackElo "2211"]
[PlyCount "96"]
[EventDate "2015.05.05"]
[WhiteClock "0:06:02"]
[BlackClock "0:01:01"]

1. d4 Nf6 2. c4 g6 3. Nc3 Bg7 4. e4 O-O 5. f3 Nc6 6. Be3 e5 7. Nge2 Nh5 8. d5
Na5 9. Qd3 b6 10. g4 Nf4 11. Nxf4 exf4 12. Bxf4 Ba6 13. b3 Qf6 14. Bd2 Qh4+ 15.
Kd1 Nb7 16. Kc2 Nc5 17. Qe3 d6 18. Qg5 Qf2 19. Qe3 Qh4 20. Qg5 Qxg5 21. Bxg5 f5
22. gxf5 gxf5 23. Rg1 Kh8 24. Re1 fxe4 25. Nxe4 Rae8 26. Bh3 Nxe4 27. fxe4 Rf2+
28. Kd3 b5 29. Ref1 bxc4+ 30. bxc4 Rxa2 31. Bd7 Rb8 32. Rb1 Rf8 33. Bf5 Ra3+
34. Kd2 Ra2+ 35. Kd3 Ra3+ 36. Kd2 Bc3+ 37. Kc2 Bd4 38. Rg3 Ra2+ 39. Kd3 Be5 40.
Rgg1 Ra3+ 41. Kd2 Ra2+ 42. Kd3 Ra3+ 43. Kd2 Rg8 44. Be6 Rf8 45. Rbf1 Ra2+ 46.
Kd3 Ra3+ 47. Kd2 Ra2+ 48. Kd3 Ra3+ 1/2-1/2

[Event "Krajsky prebor jednotlivcu KHSS"]
[Site "Janske Lazne"]
[Date "2015.05.08"]
[Round "6.8"]
[White "Pychova, Nela"]
[Black "Smajzr, Martin"]
[Result "1/2-1/2"]
[WhiteElo "1980"]
[BlackElo "2204"]
[PlyCount "108"]
[EventDate "2015.05.05"]
[WhiteClock "0:00:49"]
[BlackClock "0:16:33"]

1. c4 Nf6 2. Nf3 g6 3. g3 Bg7 4. Bg2 O-O 5. O-O d6 6. Nc3 e5 7. d3 Re8 8. Rb1
Nbd7 9. b4 h6 10. a4 Nh7 11. Qb3 Ndf8 12. b5 f5 13. Ne1 Ne6 14. a5 a6 15. bxa6
Rxa6 16. Bxb7 Bxb7 17. Qxb7 Rxa5 18. Nd5 Nf6 19. Bd2 Ra2 20. Rb2 Qa8 21. Qxa8
Rexa8 22. Rxa2 Rxa2 23. Bxh6 Nxd5 24. cxd5 Nd4 25. Bxg7 Nxe2+ 26. Kg2 Kxg7 27.
Nf3 Nc3 28. Rc1 Nxd5 29. h4 e4 30. dxe4 fxe4 31. Ng5 e3 32. Ne4 exf2 33. Nxf2
Kf6 34. Kf3 Ra3+ 35. Kg2 Ne3+ 36. Kh3 Nf5 37. Rxc7 Rxg3+ 38. Kh2 Rf3 39. Ne4+
Ke5 40. Ng5 Rf4 41. Nf7+ Kd5 42. Rd7 Rxh4+ 43. Kg2 g5 44. Ra7 g4 45. Ra5+ Ke6
46. Ng5+ Kf6 47. Ne4+ Kg6 48. Nxd6 Ne3+ 49. Kf2 Rh3 50. Ne4 Rf3+ 51. Kg1 Rf4
52. Ng3 Rf3 53. Ne4 g3 54. Rg5+ Kh6 1/2-1/2

[Event "Krajsky prebor jednotlivcu KHSS"]
[Site "Janske Lazne"]
[Date "2015.05.08"]
[Round "6.9"]
[White "Safarik, Jakub"]
[Black "Kabelka, Ondrej"]
[Result "1/2-1/2"]
[WhiteElo "2138"]
[BlackElo "1737"]
[PlyCount "106"]
[EventDate "2015.05.05"]

1. Nf3 Nf6 2. c4 e6 3. g3 d5 4. Bg2 Nbd7 5. d3 c6 6. O-O Bd6 7. b3 O-O 8. Bb2
Re8 9. Nbd2 e5 10. e3 Nc5 11. d4 Nd3 12. Bc3 e4 13. Ne1 Nxe1 14. Rxe1 Bg4 15.
f3 exf3 16. Bxf3 Bxf3 17. Qxf3 Ne4 18. Nxe4 Rxe4 19. Re2 Qe7 20. c5 Bc7 21. Bd2
Re8 22. Rf2 Qe6 23. Raf1 f6 24. b4 a6 25. a4 Ra8 26. Rb1 Bd8 27. Qf5 Qxf5 28.
Rxf5 Kf7 29. Rb2 g6 30. Rf1 f5 31. Ra1 Bg5 32. Kf2 Bf6 33. Bc3 Rae8 34. Re2 g5
35. Rae1 Kg6 36. Kf3 h5 37. Rb2 Bxd4 38. Bxd4 Rxd4 39. exd4 Rxe1 40. b5 axb5
41. axb5 g4+ 42. Kg2 Rd1 43. bxc6 bxc6 44. Rb6 Rd2+ 45. Kg1 Rxd4 46. Rxc6+ Kg5
47. Rc8 Rc4 48. Kf2 Rc2+ 49. Ke3 Rc4 50. c6 Kg6 51. c7 Kg7 52. Kd3 Kh7 53. Rf8
Rxc7 1/2-1/2

[Event "Krajsky prebor jednotlivcu KHSS"]
[Site "Janske Lazne"]
[Date "2015.05.08"]
[Round "6.10"]
[White "Tovarek, Antonin"]
[Black "Haman, Jakub"]
[Result "1-0"]
[WhiteElo "1963"]
[BlackElo "2137"]
[PlyCount "75"]
[EventDate "2015.05.05"]

1. e4 c5 2. Nf3 d6 3. d4 cxd4 4. Nxd4 Nf6 5. Nc3 a6 6. Be2 e5 7. Nb3 Be6 8. f4
Qc7 9. g4 h6 10. f5 Bc4 11. Be3 Nbd7 12. Qd2 b5 13. O-O-O Rc8 14. Bf3 a5 15.
Kb1 b4 16. Ne2 a4 17. Nbc1 Be7 18. h4 Qb7 19. Ng3 Nc5 20. Bxc5 Rxc5 21. g5 Nd7
22. Nh5 b3 23. cxb3 axb3 24. a3 hxg5 25. hxg5 Rg8 26. Nxg7+ Rxg7 27. f6 Rg6 28.
fxe7 Kxe7 29. Rh6 Qc6 30. Rxg6 fxg6 31. Nd3 Rb5 32. Nb4 Qc5 33. Rh1 Bf7 34. Rc1
Bc4 35. Nd5+ Kf7 36. Be2 Bxd5 37. Rxc5 Bxe4+ 38. Bd3 1-0

[Event "Krajsky prebor jednotlivcu KHSS"]
[Site "Janske Lazne"]
[Date "2015.05.08"]
[Round "6.11"]
[White "Mladek, Richard"]
[Black "Vystrcil, Martin"]
[Result "1-0"]
[WhiteElo "1904"]
[BlackElo "1999"]
[PlyCount "39"]
[EventDate "2015.05.05"]

1. e4 Nf6 2. e5 Nd5 3. Bc4 e6 4. Nf3 d6 5. d4 b6 6. O-O Bb7 7. Bb3 dxe5 8. Nxe5
Be7 9. Qf3 Qc8 10. Qxf7+ Kd8 11. Qxg7 Re8 12. Bxd5 Bxd5 13. c4 Bb7 14. d5 exd5
15. Nf7+ Kd7 16. Qg4+ Kc6 17. cxd5+ Kxd5 18. Rd1+ Kc6 19. Qe4+ Kc5 20. Qd4+ 1-0

[Event "Krajsky prebor jednotlivcu KHSS"]
[Site "Janske Lazne"]
[Date "2015.05.08"]
[Round "6.12"]
[White "Rojikova, Lenka"]
[Black "Pycha, Patrik"]
[Result "1-0"]
[WhiteElo "1969"]
[BlackElo "2142"]
[PlyCount "137"]
[EventDate "2015.05.05"]

1. e4 e6 2. d4 d5 3. Nc3 Bb4 4. e5 c5 5. Qg4 Ne7 6. dxc5 Nbc6 7. Bd2 O-O 8. Nf3
Ng6 9. Bd3 Bxc5 10. Qh5 Be7 11. O-O b6 12. Rfe1 a5 13. Nb5 Ba6 14. a4 Bxb5 15.
Bxb5 Nb4 16. Bxb4 Bxb4 17. c3 Bc5 18. Bd3 Be7 19. Nd4 Bc5 20. Re3 Bxd4 21. cxd4
Qe7 22. Rh3 h6 23. Bxg6 fxg6 24. Qxg6 Qf7 25. Qxf7+ Kxf7 26. Rc1 Rfc8 27. Rhc3
Rxc3 28. Rxc3 Ra7 29. Rb3 Rc7 30. Kf1 Rc4 31. Rxb6 Rxa4 32. Rb7+ Kf8 33. Ra7
Rxd4 34. Rxa5 Rb4 35. Ra2 Re4 36. b3 Rxe5 37. Re2 Rh5 38. Rxe6 Rxh2 39. Re1 Rh4
40. Ke2 Rb4 41. Rb1 Ke7 42. Kd3 Kd6 43. Kc2 Re4 44. Kd3 Rb4 45. f3 Ke5 46. Kc3
Rb7 47. b4 Rc7+ 48. Kd3 d4 49. b5 Rb7 50. b6 Kd5 51. Rb5+ Kc6 52. Rb4 Kc5 53.
Rb1 h5 54. g3 g6 55. f4 Kd5 56. Rb5+ Kc6 57. Rg5 Kxb6 58. Kxd4 Rh7 59. Rxg6+
Kc7 60. Re6 h4 61. gxh4 Rxh4 62. Ke5 Kd7 63. f5 Rh1 64. Kf6 Rh6+ 65. Kf7 Rh7+
66. Kg6 Rh1 67. Re2 Rg1+ 68. Kf7 Kd8 69. Rd2+ 1-0

[Event "Krajsky prebor jednotlivcu KHSS"]
[Site "Janske Lazne"]
[Date "2015.05.08"]
[Round "6.13"]
[White "Sedivy, Martin"]
[Black "Sadil, Jan"]
[Result "1-0"]
[WhiteElo "2049"]
[BlackElo "1705"]
[PlyCount "85"]
[EventDate "2015.05.05"]

1. e4 e5 2. Nc3 Bc5 3. f4 d6 4. Nf3 Bg4 5. Na4 Bb6 6. Nxb6 axb6 7. Bc4 Nc6 8.
c3 Nf6 9. O-O O-O 10. h3 Bxf3 11. Qxf3 Qe7 12. b4 exf4 13. d4 Qxe4 14. Qf2 d5
15. Bb3 f3 16. Re1 Qf5 17. g4 Nxg4 18. hxg4 Qxg4+ 19. Kh1 Qh3+ 20. Kg1 Qg4+ 21.
Kh2 Rae8 22. Bd2 Re4 23. Rxe4 dxe4 24. Qg3 Qxg3+ 25. Kxg3 Kh8 26. Bf4 f5 27.
Bxc7 h6 28. d5 Nd8 29. Rh1 Kh7 30. Bf4 Nf7 31. Bc2 g5 32. Bc7 Kg7 33. Bxb6 Ne5
34. Bd4 Re8 35. Ba4 f4+ 36. Kh2 Kf8 37. Bc5+ Kf7 38. Bxe8+ Kxe8 39. Kg1 e3 40.
Rxh6 Ng4 41. Rh8+ Kf7 42. d6 Nf6 43. Rf8+ 1-0

[Event "Krajsky prebor jednotlivcu KHSS"]
[Site "Janske Lazne"]
[Date "2015.05.08"]
[Round "6.14"]
[White "Kotyza, Bohumil"]
[Black "Sobotnik, Petr"]
[Result "1/2-1/2"]
[WhiteElo "1872"]
[BlackElo "2020"]
[PlyCount "43"]
[EventDate "2015.05.05"]

1. d4 d5 2. Nf3 Nf6 3. Bf4 Nh5 4. Bg5 h6 5. Bh4 g5 6. Bg3 Nxg3 7. hxg3 Bg7 8.
e3 c5 9. c3 Qb6 10. Qc2 Nc6 11. Nbd2 cxd4 12. exd4 Bg4 13. Bd3 Rc8 14. Qb3 Qxb3
15. Nxb3 a6 16. Nh2 Bd7 17. Nc5 Rc7 18. Nxd7 Rxd7 19. f4 e6 20. Nf3 f6 21. Kd2
Na5 22. Rae1 1/2-1/2

[Event "Krajsky prebor jednotlivcu KHSS"]
[Site "Janske Lazne"]
[Date "2015.05.08"]
[Round "6.15"]
[White "Ruzickova, Radka"]
[Black "Matejovsky, Ondrej"]
[Result "1-0"]
[WhiteElo "1777"]
[BlackElo "1975"]
[PlyCount "97"]
[EventDate "2015.05.05"]

1. e4 e5 2. Nf3 Nf6 3. d4 Nxe4 4. Bd3 d5 5. Nxe5 Bd6 6. O-O O-O 7. Re1 Bxe5 8.
dxe5 Nc5 9. Bf1 c6 10. Qh5 f6 11. Be3 Nba6 12. c3 Bd7 13. b4 Be8 14. Qg4 Qd7
15. Qh4 Ne6 16. Bd3 Bg6 17. Bxg6 hxg6 18. exf6 Rxf6 19. Qg4 Qf7 20. Nd2 Rf8 21.
Nf3 Nac7 22. Bxa7 Nb5 23. Bd4 Nexd4 24. cxd4 Rf4 25. Qh3 Nxd4 26. Ng5 Ra8 27.
Nxf7 Kxf7 28. Qd7+ Kg8 29. Re8+ Rxe8 30. Qxe8+ Kh7 31. h3 Re4 32. Qf7 Nc2 33.
Rb1 b5 34. Qf8 Rc4 35. f4 Ne3 36. Qe7 Nf5 37. Qg5 d4 38. h4 Ne3 39. h5 gxh5 40.
Qxh5+ Kg8 41. Qe8+ Kh7 42. f5 Rc2 43. Qg6+ Kh8 44. f6 gxf6 45. Qxf6+ Kg8 46.
Qd8+ Kh7 47. Qxd4 Rxg2+ 48. Kh1 Rg3 49. Qh4+ 1-0

[Event "Krajsky prebor jednotlivcu KHSS"]
[Site "Janske Lazne"]
[Date "2015.05.08"]
[Round "6.16"]
[White "Chalupecky, Vladimir"]
[Black "Peniska, Pavel"]
[Result "1-0"]
[WhiteElo "1962"]
[BlackElo "1929"]
[PlyCount "77"]
[EventDate "2015.05.05"]

1. e4 c5 2. Nf3 Nc6 3. d4 cxd4 4. Nxd4 g6 5. Be3 Bg7 6. Nc3 Nf6 7. Nxc6 bxc6 8.
e5 Ng8 9. f4 Nh6 10. Bd3 d6 11. exd6 exd6 12. Qf3 O-O 13. O-O d5 14. Bc5 Re8
15. Rae1 Be6 16. h3 Nf5 17. Nd1 h5 18. c3 h4 19. Bxf5 Bxf5 20. Ne3 Bd3 21. Rf2
f5 22. Rd2 Be4 23. Qf2 Qa5 24. b4 Qa3 25. Nc2 Bxc2 26. Rxe8+ Rxe8 27. Rxc2 Bxc3
28. Qxh4 Bxb4 29. Bd4 Re6 30. Qd8+ Kf7 31. Qc7+ Be7 32. Be5 Qe3+ 33. Kh2 g5 34.
Rc3 Qb6 35. Qc8 gxf4 36. Qh8 Qb1 37. Qg7+ Ke8 38. Rb3 Qe4 39. Qg8+ 1-0

[Event "Krajsky prebor jednotlivcu KHSS"]
[Site "Janske Lazne"]
[Date "2015.05.08"]
[Round "6.17"]
[White "Stradej, Vlastimil"]
[Black "Solc, Filip"]
[Result "1/2-1/2"]
[WhiteElo "2013"]
[BlackElo "1816"]
[PlyCount "82"]
[EventDate "2015.05.05"]

1. e4 c5 2. d4 cxd4 3. c3 d3 4. c4 d6 5. Bxd3 Nc6 6. h3 g6 7. Nf3 Bg7 8. Nc3
Nf6 9. O-O O-O 10. Be3 Nd7 11. Be2 b6 12. Rc1 Bb7 13. Nd4 Rc8 14. b3 Nf6 15.
Bf3 Ne5 16. Nd5 Nxf3+ 17. Qxf3 Nd7 18. Qe2 Nc5 19. f3 e6 20. Nc3 Qe7 21. Rfd1
Rcd8 22. b4 Na6 23. a3 Nc7 24. Ndb5 Nxb5 25. Nxb5 Ba8 26. Bf4 Be5 27. Bxe5 dxe5
28. Rxd8 Rxd8 29. Rd1 a6 30. Nc3 Rd4 31. Rxd4 exd4 32. Nd1 e5 33. Nf2 a5 34.
Nd3 Qc7 35. Qc2 f5 36. Nf2 axb4 37. axb4 Qc8 38. c5 bxc5 39. Qc4+ Kg7 40. bxc5
Qc6 41. g4 Bb7 1/2-1/2

[Event "Krajsky prebor jednotlivcu KHSS"]
[Site "Janske Lazne"]
[Date "2015.05.08"]
[Round "6.18"]
[White "Tichy, Miroslav"]
[Black "Cerny, David"]
[Result "1-0"]
[WhiteElo "1957"]
[BlackElo "1787"]
[PlyCount "69"]
[EventDate "2015.05.05"]

1. c4 Nf6 2. Nc3 d5 3. cxd5 Nxd5 4. e4 Nxc3 5. bxc3 e5 6. Bc4 Bc5 7. Qh5 Qe7 8.
Nf3 Nc6 9. d3 g6 10. Qh6 Be6 11. Qg7 Qf8 12. Qxf8+ Rxf8 13. Bxe6 fxe6 14. Bh6
Rf7 15. Ng5 Re7 16. Nf3 Rd7 17. Ke2 Rad8 18. Rhd1 b5 19. Bg5 Be7 20. Rab1 a6
21. Bxe7 Kxe7 22. a4 Rb8 23. axb5 axb5 24. Rb2 Kf6 25. h4 h6 26. g4 h5 27. g5+
Kf7 28. Ra2 Ke7 29. Rb2 Ke8 30. Rdb1 Rbd8 31. Ne1 Na7 32. Ra1 c5 33. Ra6 Ke7
34. Rba2 Nc8 35. Nf3 1-0

[Event "Krajsky prebor jednotlivcu KHSS"]
[Site "Janske Lazne"]
[Date "2015.05.08"]
[Round "6.19"]
[White "Hatas, Radim"]
[Black "Stanek, Petr"]
[Result "1/2-1/2"]
[WhiteElo "1642"]
[BlackElo "1902"]
[PlyCount "50"]
[EventDate "2015.05.05"]

1. e4 e5 2. Nc3 Nc6 3. Bc4 Nf6 4. d3 Bb4 5. a3 Bxc3+ 6. bxc3 h6 7. Ne2 O-O 8.
O-O d5 9. exd5 Nxd5 10. Bd2 Be6 11. Re1 Re8 12. Rb1 Nb6 13. Bb5 Qd6 14. Qc1 Bd7
15. Ng3 a6 16. Ne4 Qg6 17. Bxc6 Bxc6 18. Re3 Bxe4 19. Rxe4 f5 20. Re3 f4 21.
Re4 a5 22. f3 Qd6 23. d4 Rad8 24. Be1 g5 25. Bf2 Nd5 1/2-1/2

[Event "Krajsky prebor jednotlivcu KHSS"]
[Site "Janske Lazne"]
[Date "2015.05.08"]
[Round "6.20"]
[White "Portych, Vaclav"]
[Black "Dumkova, Daniela"]
[Result "1-0"]
[WhiteElo "1877"]
[BlackElo "1698"]
[PlyCount "103"]
[EventDate "2015.05.05"]

1. c4 c5 2. Nf3 g6 3. g3 Bg7 4. Bg2 Nf6 5. O-O O-O 6. d4 cxd4 7. Nxd4 Nc6 8.
Nc3 a6 9. e3 Qc7 10. b3 d6 11. Bb2 Nd7 12. Rc1 Nc5 13. Nd5 Qd8 14. Nxc6 bxc6
15. Bxg7 Kxg7 16. Nb4 Bb7 17. Bxc6 Bxc6 18. Nxc6 Qc7 19. Nb4 a5 20. Nd5 Qb7 21.
Qd4+ Kg8 22. e4 Ne6 23. Qe3 Rfe8 24. e5 Nc7 25. Rcd1 Nxd5 26. Rxd5 a4 27. exd6
exd6 28. Qf4 axb3 29. Rb5 Qc6 30. axb3 Ra2 31. Qd4 Rae2 32. Qd5 Qxd5 33. Rxd5
Rb2 34. Rxd6 Rxb3 35. Rc1 Rc8 36. c5 Rb7 37. Kg2 Rbc7 38. Rd5 Rc6 39. f4 f5 40.
Kf3 Re6 41. Re5 Rxe5 42. fxe5 Kf7 43. c6 Ke6 44. Kf4 h6 45. h4 Rc7 46. Rc5 Rc8
47. c7 Kd7 48. h5 gxh5 49. Kxf5 Rxc7 50. e6+ Kd6 51. Rxc7 Kxc7 52. Kf6 1-0

[Event "Krajsky prebor jednotlivcu KHSS"]
[Site "Janske Lazne"]
[Date "2015.05.08"]
[Round "6.21"]
[White "Martinovsky, Miroslav"]
[Black "Vit, Jakub"]
[Result "1/2-1/2"]
[WhiteElo "1854"]
[BlackElo "1720"]
[PlyCount "31"]
[EventDate "2015.05.05"]

1. Nf3 Nf6 2. d4 d5 3. c4 e6 4. Nc3 c6 5. Bg5 Nbd7 6. e3 Qa5 7. Bxf6 Nxf6 8.
Nd2 Bd6 9. h3 e5 10. Nb3 Qd8 11. cxd5 Nxd5 12. Nxd5 cxd5 13. Bb5+ Bd7 14. Bxd7+
Qxd7 15. O-O O-O 16. dxe5 1/2-1/2

[Event "Krajsky prebor jednotlivcu KHSS"]
[Site "Janske Lazne"]
[Date "2015.05.08"]
[Round "6.22"]
[White "Neubauer, Vilem"]
[Black "Steiner, Pavel"]
[Result "1-0"]
[WhiteElo "1797"]
[BlackElo "1845"]
[PlyCount "83"]
[EventDate "2015.05.05"]

1. f4 c5 2. g3 Nc6 3. e4 d6 4. Bg2 e6 5. Nc3 Be7 6. Nf3 Bd7 7. O-O a6 8. d3 Qc7
9. Be3 O-O-O 10. a4 b6 11. d4 Kb7 12. d5 Na7 13. Qd3 Bc8 14. dxe6 fxe6 15. Rfd1
Kb8 16. Qc4 h6 17. Bh3 Nf6 18. Bxe6 b5 19. axb5 axb5 20. Qa2 Bxe6 21. Qxe6 Rhe8
22. Nd5 Nxd5 23. Qxd5 Qb7 24. Qxb7+ Kxb7 25. e5 d5 26. c3 Nc8 27. Ra5 Kc6 28.
Ra6+ Nb6 29. b4 Ra8 30. Rxa8 Rxa8 31. bxc5 Bxc5 32. Nd4+ Bxd4 33. Bxd4 Nc4 34.
f5 Rf8 35. g4 h5 36. h3 hxg4 37. hxg4 g6 38. f6 Nb2 39. Rd2 Nc4 40. Rh2 Re8 41.
Rh6 Nxe5 42. Bxe5 1-0

[Event "Krajsky prebor jednotlivcu KHSS"]
[Site "Janske Lazne"]
[Date "2015.05.08"]
[Round "6.23"]
[White "Bulockin, Martin"]
[Black "Havelka, Petr"]
[Result "1/2-1/2"]
[WhiteElo "1789"]
[BlackElo "1859"]
[PlyCount "35"]
[EventDate "2015.05.05"]

1. e4 d5 2. exd5 Qxd5 3. Nc3 Qd8 4. d4 Nf6 5. Bc4 Bf5 6. Nf3 e6 7. Bf4 c6 8.
O-O Be7 9. Re1 O-O 10. Bd3 Bg6 11. Bxg6 hxg6 12. Qd3 Nbd7 13. Rad1 Re8 14. a3
Nd5 15. Nxd5 exd5 16. Re2 Nf6 17. Rde1 Bf8 18. Rxe8 1/2-1/2

[Event "Krajsky prebor jednotlivcu KHSS"]
[Site "Janske Lazne"]
[Date "2015.05.08"]
[Round "6.24"]
[White "Palla, Rostislav"]
[Black "Tsapanidis, Vasilis"]
[Result "1/2-1/2"]
[WhiteElo "1740"]
[BlackElo "1795"]
[PlyCount "84"]
[EventDate "2015.05.05"]

1. e4 e6 2. Qe2 Nf6 3. Nf3 d5 4. d3 dxe4 5. dxe4 Bb4+ 6. c3 Be7 7. Bg5 h6 8.
Bh4 b6 9. Qc2 Bb7 10. Nbd2 c5 11. Bb5+ Bc6 12. c4 O-O 13. O-O a6 14. Bxc6 Nxc6
15. a3 Qc7 16. Rad1 Rad8 17. Bg3 Qb7 18. e5 Nh5 19. Ne4 Nxg3 20. hxg3 Qc7 21.
Qc3 Rd7 22. Rxd7 Qxd7 23. Nfd2 Nd4 24. Qe3 Rd8 25. f4 Nc2 26. Qc3 Nd4 27. Qe3
Nf5 28. Qc3 Kf8 29. g4 Nd4 30. Qe3 Nc2 31. Qc3 Qd4+ 32. Qxd4 Rxd4 33. Kf2 Rd3
34. g3 Rd7 35. Rh1 f5 36. exf6 Bxf6 37. Rc1 Bd4+ 38. Kf3 Ne3 39. Re1 Nc2 40.
Rc1 Ne3 41. Re1 Nc2 42. Rc1 Ne3 1/2-1/2

[Event "Krajsky prebor jednotlivcu KHSS"]
[Site "Janske Lazne"]
[Date "2015.05.08"]
[Round "6.25"]
[White "Tobiskova, Petra"]
[Black "Vorisek, Jakub"]
[Result "1/2-1/2"]
[WhiteElo "1777"]
[BlackElo "1675"]
[PlyCount "76"]
[EventDate "2015.05.05"]

1. c4 Nf6 2. g3 e6 3. Bg2 d5 4. cxd5 exd5 5. d4 Bf5 6. Nc3 c6 7. Nf3 Bd6 8. O-O
Nbd7 9. h3 O-O 10. Bf4 Qc7 11. e3 h6 12. Rc1 a6 13. Re1 g5 14. Bxd6 Qxd6 15.
Nd2 Rfe8 16. e4 dxe4 17. Ndxe4 Nxe4 18. Nxe4 Bxe4 19. Bxe4 Nf6 20. Qd3 Nxe4 21.
Rxe4 Rxe4 22. Qxe4 Rd8 23. Rc4 Qd5 24. Qxd5 Rxd5 25. Kg2 Kg7 26. Kf3 f5 27. Ke3
Kf6 28. a4 Ke6 29. Rb4 b5 30. Rb3 Kd6 31. axb5 axb5 32. Ra3 Ke6 33. Ra6 Rd6 34.
Ra8 Kd5 35. Kd3 c5 36. Rb8 Ke6 37. Rxb5 Rxd4+ 38. Kc3 Kd5 1/2-1/2